Don Agustín Moreto y Cavana: bibliografía crítica / (Record no. 107382)

MARC details
000 -LEADER
campo de control de longitud fija 00800nam a2200217 i 4500
001 - NÚMERO DE CONTROL
campo de control 107382
003 - IDENTIFICADOR DE NÚMERO DE CONTROL
campo de control ES-MaACL
005 - FECHA Y HORA DE LA ÚLTIMA TRANSACCIÓN
campo de control 20250918184249.0
007 - CAMPO FIJO DE DESCRIPCIÓN FÍSICA--INFORMACIÓN GENERAL
campo de control de longitud fija t|
008 - DATOS DE LONGITUD FIJA--INFORMACIÓN GENERAL
campo de control de longitud fija 070110s1979 it ||||1| spa d
100 1# - ENTRADA PRINCIPAL--NOMBRE DE PERSONA
Nombre de persona Miazzi Chiari, Mariapaola.
9 (RLIN) 80852
245 10 - MENCIÓN DEL TÍTULO
Título Don Agustín Moreto y Cavana: bibliografía crítica /
Mención de responsabilidad, etc. Mariapaola Miazzi Chiari, Blanca Luca de Tena.
260 ## - PUBLICACIÓN, DISTRIBUCIÓN, ETC.
Lugar de publicación, distribución, etc. Milano :
Nombre del editor, distribuidor, etc. Franco Maria Ricci,
Fecha de publicación, distribución, etc. [1979]
300 ## - DESCRIPCIÓN FÍSICA
Extensión 64 p. ;
Dimensiones 24 cm.
490 1# - MENCIÓN DE SERIE
Mención de serie Biblioteca de teatro raro del barroco español ;
Designación de volumen o secuencia 1
600 14 - PUNTO DE ACCESO ADICIONAL DE MATERIA--NOMBRE DE PERSONA
Nombre de persona Moreto, Agustín,
Fechas asociadas al nombre 1618-1669-
Subdivisión de forma Bibliografías
9 (RLIN) 83479
700 1# - ENTRADA AGREGADA--NOMBRE PERSONAL
Nombre de persona Luca de Tena, Blanca.
9 (RLIN) 74508
830 00 - PUNTO DE ACCESO ADICIONAL DE SERIE-TÍTULO UNIFORME
Título uniforme Biblioteca de teatro raro del Barroco español
Designación de volumen o secuencia 1
9 (RLIN) 185368
852 ## - LOCALIZACIÓN
Ubicación ES-MaACL
Número de control de estantería 2136-F-15
Sublocalización o colección R.112292
Holdings
Estatus retirado Estado de pérdida Estado de daño No para préstamo Colección Biblioteca de origen Biblioteca actual Ubicación en estantería Fecha de adquisición Fuente de adquisición Total de préstamos Signatura topográfica completa Código de barras Visto por última vez Precio de reemplazo Tipo de ítem Koha
        Colección de folletos Biblioteca del Ateneo de Madrid Biblioteca del Ateneo de Madrid Depósito folletos 17/01/2008     2136-F-15 1112071 23/02/2023 23/02/2023 Folleto